LEADER 01365nam a2200313 a 4500 001 000000127137 003 CaOOAMICUS 005 20111122093453.0 008 111122s2011 it u000 u ita r 020 $a978-88-315-4035-3 040 $aPUL$bita 082 04$a261.52 100 1 $aRiccieri, Giuseppina,$cF.S.P.$0(OLS)http://pul/name/81103 245 10$aFormazione a portata di click :$bcomunicazione digitale e santificazione della mente /$cPina Riccieri. 260 $aMilano :$bPaoline,$c2011. 300 $a166 p. ;$c21 cm. 490 1 $aSentinelle di frontiera ;$v27 650 4$aChiesa e questioni sociali.$0(OLS)http://pul/subject/1339 650 4$aCristianesimo e societą$ySec. XXI.$0(OLS)http://pul/subject/29434 830 0$aSentinelle di frontiera ;$v27.$0(OLS)http://pul/title/146141 850 $aPUL 852 $aPUL$W1$xSL Religione 3$y85$m261. 52 RICPI 1$j147022$qDDC 21$B145718$CPULBib$Z2$F145718 $H118187 $82 941 1 $a9 961 $aNon disponibile 996 $6020$a978-88-315-4035-3$9(OLS)http://pul/number/148537 996 $6082$a261.52$9(OLS)http://pul/classification/2022 996 $6245$aFormazione a portata di click :$bcomunicazione digitale e santificazione della mente$9(OLS)http://pul/title/160630 996 $6260$aMilano :$bPaoline$9(OLS)http://pul/publisher/60808 LEADER 01525nam a2200313 a 4500 001 000000133253 003 CaOOAMICUS 005 20130325103703.0 008 130325s2012 it u000 u ita r 020 $a978-88-15-24190-0 040 $aPUL$bita 245 00$aDentro e fuori le aule :$bla Compagnia di Gesł a Gorizia e nell'Austria interna (secoli XVI-XVII) /$cdi Claudio Ferlan. 260 $aBologna :$bIl Mulino,$c©2012. 300 $a390 p. ;$c22 cm 490 1 $aAnnali dell'Istituto storico italo-germanico. Monografie ;$v61 500 $aNell'occhietto: Fondazione Bruno Kessler. 504 $aBibliografia p. 351-379. 610 24$aGesuiti$zGorizia$ySec. XVI-XVII.$0(OLS)http://pul/subject/39447 610 24$aGesuiti$zAustria$ySec. XVI-XVII.$0(OLS)http://pul/subject/39448 700 1 $aFerlan, Claudio.$0(OLS)http://pul/name/83750 710 2 $aFondazione Bruno Kessler.$0(OLS)http://pul/name/77596 830 0$aAnnali dell'Istituto storico italo-germanico in Trento.$pMonografie ;$v61.$0(OLS)http://pul/title/131103 850 $aPUL 852 $aPUL$W1$xDP1 Riviste Correnti$y15$m1094 D 1.61$j153171$qPeriodici$B152701$CPULBib$Z2$F152701 $H122033 $82 941 1 $a5 996 $6020$a978-88-15-24190-0$9(OLS)http://pul/number/152201 996 $6245$aDentro e fuori le aule :$bla Compagnia di Gesł a Gorizia e nell'Austria interna (secoli XVI-XVII)$9(OLS)http://pul/title/168386 996 $6260$aBologna :$bIl Mulino$9(OLS)http://pul/publisher/47928